Billie Eilish: All The Good Girls Go To Hell Lyrics - Statistics

General Stats
  • This quiz has been taken 13 times
  • The average score is 128 of 213
Answer Stats
Answer % Correct
a
100%
all
100%
go
100%
good
100%
the
100%
girls
91%
hell
91%
to
91%
cause
82%
even
82%
has
82%
i
82%
on
82%
an
73%
and
73%
better
73%
but
73%
cant
73%
devil
73%
enemies
73%
friend
73%
friends
73%
god
73%
heavens
73%
her
73%
herself
73%
in
73%
is
73%
know
73%
lonely
73%
My
73%
my
73%
peter
73%
rise
73%
should
73%
starts
73%
water
73%
you
73%
fence
64%
got
64%
invite
64%
like
64%
look
64%
lucifer
64%
of
64%
once
64%
out
64%
picket
64%
shell
64%
sight
64%
team
64%
them
64%
want
64%
at
55%
california
55%
gates
55%
get
55%
ignore
55%
inside
55%
killing
55%
me
55%
more
55%
pearly
55%
so
55%
some
55%
standing
55%
there
55%
time
55%
warn
55%
ya
55%
your
55%
animals
45%
anything
45%
are
45%
burn
45%
commit
45%
cover
45%
crime
45%
didnt
45%
do
45%
dont
45%
em
45%
evidence
45%
fool
45%
im
45%
invitation
45%
man
45%
open
45%
peters
45%
saving
45%
say
45%
such
45%
turn
45%
up
45%
vacation
45%
we
45%
why
45%
caving
36%
hills
36%
him
36%
needing
36%
not
36%
walk
36%
without
36%
gonna
27%
greenery
27%
wearing
27%
begging
18%
fetters
18%
for
18%
help
18%
now
18%
our
18%
owe
18%
wow
18%
cannot
9%
haha
9%
left
9%
nothing
9%
poisoning
9%
save
9%
snowflake
9%
themselves
9%
theres
9%
this
9%
No matching quizzes found
Score Distribution
Percent of People with Each Score
Percentile by Number Answered
Your Score History
You have not taken this quiz